7 Bienal de Arte de Panamá = (Record no. 751)

MARC details
000 -LEADER
campo de control de longitud fija 02877cam a22007094a 4500
001 - NÚMERO DE CONTROL
campo de control 6099475
005 - FECHA Y HORA DE LA ÚLTIMA TRANSACCIÓN
campo de control 20220326193335.0
008 - DATOS DE LONGITUD FIJA--INFORMACIÓN GENERAL
campo de control de longitud fija 070302s2006 pn a 000 0dspa c
020 ## - NÚMERO INTERNACIONAL ESTÁNDAR DEL LIBRO
Número Internacional Estándar del Libro 9962884217
020 ## - NÚMERO INTERNACIONAL ESTÁNDAR DEL LIBRO
Número Internacional Estándar del Libro 9789962884217
035 ## - NÚMERO DE CONTROL DEL SISTEMA
Número de control de sistema (OCoLC)ocn123898362
035 ## - NÚMERO DE CONTROL DEL SISTEMA
Número de control de sistema (OCoLC)123898362
035 ## - NÚMERO DE CONTROL DEL SISTEMA
Número de control de sistema (NNC)6099475
040 ## - FUENTE DE CATALOGACIÓN
Centro catalogador/agencia de origen CGU
Centro/agencia transcriptor CGU
Centro/agencia modificador H7K
041 1# - CÓDIGO DE IDIOMA
Código de lengua del texto/banda sonora o título independiente spa
-- eng
042 ## - CÓDIGO DE AUTENTICACIÓN
Código de autenticación pcc
082 ## - NÚMERO DE LA CLASIFICACIÓN DECIMAL DEWEY
Número de clasificación 700.74
Número de ítem A663s
111 2# - ENTRADA PRINCIPAL--NOMBRE DE CONGRESO/REUNIÓN
Nombre de congreso/reunión o jurisdicción como elemento de entrada Bienal de Arte de Panamá Cervecería Nacional
Número del congreso/reunión o número de parte o sección (7th :
Fecha del congreso o de la firma del tratado 2005 :
Sede del congreso/Lugar de la reunión Panama, Panama)
9 (RLIN) 3726
245 10 - MENCIÓN DEL TÍTULO
Título 7 Bienal de Arte de Panamá =
Resto del título 7 Panama Art Biennial : 2005 /
Mención de responsabilidad, etc. [editores, Walo Araújo, Mónica Kupfer ; textos de Walo Araújo ... et al.].
246 3# - FORMA VARIANTE DEL TITULO
Título propio/Titulo breve Séptimo Bienal de Arte de Panamá
246 31 - FORMA VARIANTE DEL TITULO
Título propio/Titulo breve 7 Panama Art Biennial
246 3# - FORMA VARIANTE DEL TITULO
Título propio/Titulo breve Seventh Panama Art Biennial
260 ## - PUBLICACIÓN, DISTRIBUCIÓN, ETC.
Lugar de publicación, distribución, etc. Panamá :
Nombre del editor, distribuidor, etc. Fundación Arte y Cultura,
Fecha de publicación, distribución, etc. 2006
300 ## - DESCRIPCIÓN FÍSICA
Extensión 124 p. :
Otras características físicas ill. (col.) ;
Dimensiones 26 cm. +
Material acompañante/anejo 1 pamphlet (15 p.)
500 ## - NOTA GENERAL
Nota general Exhibition: October 19 to November 25, 2005, Museo de Arte Contemporáneo.
500 ## - NOTA GENERAL
Nota general Includes works by various artists and biographical information about the artists.
546 ## - NOTA DE IDIOMA
Nota de lengua/lenguaje Texts in Spanish and English.
650 #0 - PUNTO DE ACCESO ADICIONAL DE MATERIA--TÉRMINO DE MATERIA
Término de materia o nombre geográfico como elemento de entrada Art, Panamanian
Subdivisión cronológica 21st century
Subdivisión de forma Exhibitions.
9 (RLIN) 3727
650 #0 - PUNTO DE ACCESO ADICIONAL DE MATERIA--TÉRMINO DE MATERIA
Término de materia o nombre geográfico como elemento de entrada Art, Modern
Subdivisión cronológica 21st century
Subdivisión de forma Exhibitions.
9 (RLIN) 442
650 #0 - PUNTO DE ACCESO ADICIONAL DE MATERIA--TÉRMINO DE MATERIA
Término de materia o nombre geográfico como elemento de entrada Arte
Subdivisión cronológica Siglo 21
Subdivisión de forma Exhibiciones
Subdivisión geográfica Panamá
9 (RLIN) 3728
650 #0 - PUNTO DE ACCESO ADICIONAL DE MATERIA--TÉRMINO DE MATERIA
Término de materia o nombre geográfico como elemento de entrada Arte Moderno
Subdivisión cronológica Siglo 21
Subdivisión de forma Exhibiciones
9 (RLIN) 3729
650 #0 - PUNTO DE ACCESO ADICIONAL DE MATERIA--TÉRMINO DE MATERIA
Término de materia o nombre geográfico como elemento de entrada Arte Festivales (Bienal 2006)
9 (RLIN) 3730
650 #0 - PUNTO DE ACCESO ADICIONAL DE MATERIA--TÉRMINO DE MATERIA
Término de materia o nombre geográfico como elemento de entrada Arte Panameño
9 (RLIN) 3731
650 #0 - PUNTO DE ACCESO ADICIONAL DE MATERIA--TÉRMINO DE MATERIA
Término de materia o nombre geográfico como elemento de entrada Pintores Panameños
9 (RLIN) 3732
650 #0 - PUNTO DE ACCESO ADICIONAL DE MATERIA--TÉRMINO DE MATERIA
Término de materia o nombre geográfico como elemento de entrada Escultores Panameños
9 (RLIN) 3733
700 1# - ENTRADA AGREGADA--NOMBRE PERSONAL
Nombre de persona Araújo, Walo
9 (RLIN) 2253
700 1# - ENTRADA AGREGADA--NOMBRE PERSONAL
Nombre de persona Kupfer, Monica E.
9 (RLIN) 31
700 1# - ENTRADA AGREGADA--NOMBRE PERSONAL
Nombre de persona Samos, Adrienne [curadora]
9 (RLIN) 3734
700 1# - ENTRADA AGREGADA--NOMBRE PERSONAL
Nombre de persona Pérez-Ratton, Virginia [curadora]
9 (RLIN) 3538
700 1# - ENTRADA AGREGADA--NOMBRE PERSONAL
Nombre de persona Pini, Ivonne [curadora]
9 (RLIN) 3735
700 1# - ENTRADA AGREGADA--NOMBRE PERSONAL
Nombre de persona Kronfle, Rodolfo [curador]
9 (RLIN) 3736
700 1# - ENTRADA AGREGADA--NOMBRE PERSONAL
Nombre de persona Astiasarán, Clara [curadora]
9 (RLIN) 3138
700 1# - ENTRADA AGREGADA--NOMBRE PERSONAL
Nombre de persona Castrellón, José Manuel
9 (RLIN) 3738
700 1# - ENTRADA AGREGADA--NOMBRE PERSONAL
Nombre de persona Castro Ríos, Enrique
9 (RLIN) 3739
700 1# - ENTRADA AGREGADA--NOMBRE PERSONAL
Nombre de persona Conlon, Donna
9 (RLIN) 3740
700 1# - ENTRADA AGREGADA--NOMBRE PERSONAL
Nombre de persona Giovanni, Ramsés
9 (RLIN) 3741
700 1# - ENTRADA AGREGADA--NOMBRE PERSONAL
Nombre de persona Harker, Jonathan
9 (RLIN) 3573
700 1# - ENTRADA AGREGADA--NOMBRE PERSONAL
Nombre de persona Mares, Víctor
9 (RLIN) 3742
700 1# - ENTRADA AGREGADA--NOMBRE PERSONAL
Nombre de persona Merel, Francisco / Cisco
9 (RLIN) 3743
700 1# - ENTRADA AGREGADA--NOMBRE PERSONAL
Nombre de persona Milson, Lezlie
9 (RLIN) 3744
700 1# - ENTRADA AGREGADA--NOMBRE PERSONAL
Nombre de persona Mozman, Rachelle
9 (RLIN) 3745
700 1# - ENTRADA AGREGADA--NOMBRE PERSONAL
Nombre de persona Paredes, Beatriz Cecilia
9 (RLIN) 3746
700 1# - ENTRADA AGREGADA--NOMBRE PERSONAL
Nombre de persona Sánchez Laws, Ana Luisa
9 (RLIN) 3747
700 1# - ENTRADA AGREGADA--NOMBRE PERSONAL
Nombre de persona Valencia, Mira
9 (RLIN) 3748
700 1# - ENTRADA AGREGADA--NOMBRE PERSONAL
Nombre de persona Vélez, Humberto
9 (RLIN) 3749
710 2# - ENTRADA AGREGADA--NOMBRE DE ENTIDAD CORPORATIVA
Nombre de entidad corporativa o nombre de jurisdicción como elemento de entrada Museo de Arte Contemporáneo (Panamá)
9 (RLIN) 2033
710 2# - ENTRADA AGREGADA--NOMBRE DE ENTIDAD CORPORATIVA
Nombre de entidad corporativa o nombre de jurisdicción como elemento de entrada Cervecería Nacional (Panamá)
9 (RLIN) 3737
776 08 - ENTRADA DE FORMULARIO FÍSICO ADICIONAL
Información de relación Online version:
Encabezamiento principal Bienal de Arte de Panamá Cervecería Nacional (7th : 2005 : Panama, Panama)
Título 7 Bienal de Arte de Panamá
Lugar, editor y fecha de publicación Panamá : Fundación Arte y Cultura, [2006?]
Número de control del registro (OCoLC)653490503
948 0# - PROCESAMIENTO DE INFORMACIÓN LOCAL (OCLC); DESIGNADOR DE PARTE DE LA SERIE (RLIN)
Designador de la parte de la serie, SPT (RLIN) 20070302
b (OCLC) b
c (OCLC) rhg9
d (OCLC) SCMC
948 1# - PROCESAMIENTO DE INFORMACIÓN LOCAL (OCLC); DESIGNADOR DE PARTE DE LA SERIE (RLIN)
Designador de la parte de la serie, SPT (RLIN) 20110608
b (OCLC) c
c (OCLC) rhg9
d (OCLC) OSMC
Holdings
Estatus retirado Estado de pérdida Fuente del sistema de clasificación o colocación Estado de daño No para préstamo Biblioteca de origen Biblioteca actual Ubicación en estantería Fecha de adquisición Total de préstamos Signatura topográfica completa Código de barras Visto por última vez Precio de reemplazo Tipo de ítem Koha
    Clasificación Decimal Dewey     Biblioteca LadoV Biblioteca LadoV   28/09/2015   700.74 A663s 004085 28/09/2015 28/09/2015 Material 01